000 01154cad a22002415a 4500
001 E152567
008 110329s2011 xxk f 000 0 eng d
020 _a9781842196465
035 _a(Sirsi) u152567
041 0 _aeng
110 2 _aRoyal Institution of Chartered Surveyors
_94900
245 0 0 _aValuation of water as a separate resource
_bRICS information paper
_h[archived]
260 _aCoventry
_bRICS
_c2011
490 0 _aRICS Information Paper
520 _aThis paper is the first step in developing an approach in the UK that can assist in placing a value on one of the most essential elements of all, water. It is anticipated that this will evolve over time. As part of the process, it is hoped that stakeholders will contribute and feedback to RICS with a view to developing this.
520 _aOUT OF DATE ARCHIVED 23 DECEMBER 2016
521 _aAdvanced
590 _aKA
651 4 _aUnited Kingdom
690 _aPROPERTY-PROPERTY APPRAISAL AND VALUATION
856 4 0 _uhttps://www.isurv.com/downloads/download/1281/valuation_of_water_as_a_separate_resource_archived
_zarchived on isurv (subscription required)
942 _n0
_2ddc
999 _c112119
_d112119